La Plàstica immortal de Panamà [Recurs electrònic] / Ciro S. Oduber Arosemena
Publicado:
Santa Perpètua de la Mogoda :
Ajuntament de Santa Perpètua de la Mogoda, Patronat Granja Soldevila ; Barcelona : Diputació de Barcelona ,
2002
Descripción Física:
1 disc òptic (CD-ROM) ; 12 cm
Otros Autores:
Patronat Granja Soldevila
Materias:
Oduber, Ciro -- Exposicions
MARC
| LEADER | 00000nam a2200000Ia 4500 | ||
|---|---|---|---|
| 001 | 23035 | ||
| 008 | 160829s2002 xx 000 0 cat d | ||
| 080 | |a CD-1-180 | ||
| 100 | |a Oduber, Ciro |9 39931 | ||
| 245 | |a La Plàstica immortal de Panamà [Recurs electrònic] / Ciro S. Oduber Arosemena | ||
| 260 | |a Santa Perpètua de la Mogoda : |b Ajuntament de Santa Perpètua de la Mogoda, Patronat Granja Soldevila ; Barcelona : |b Diputació de Barcelona, |c 2002 | ||
| 300 | |a 1 disc òptic (CD-ROM) ; |c 12 cm | ||
| 590 | |a Requeriments mínims: Windows 95/98/XP, pantalla 640x480, 300Mhz, 64Mb de RAM, CD ROM 24x | ||
| 650 | |a Oduber, Ciro |x Exposicions |9 39932 | ||
| 700 | |a Patronat Granja Soldevila |9 39934 | ||
| 710 | 1 | |a Barcelona (Catalunya : Província). |b Diputació |9 52408 | |
| 710 | 1 | |a Santa Perpètua de Mogoda (Catalunya). |b Ajuntament |9 55487 | |
| 901 | |a Arxiu | ||
| 942 | |n 1 | ||
| 952 | |0 0 |1 0 |4 0 |6 CD1180 |7 1 |9 49309 |a Arxiu |b Arxiu |d 2016-12-01 |l 0 |o CD-1-180 |p 23035 |r 2016-12-01 00:00:00 |w 2016-12-01 |y ARXIU | ||
| 999 | |c 53151 |d 53151 | ||